Advanced information systems engineering : 5th international conference, CAiSE '93, Paris, France, June 8-11, 1993 : proceedings /

Saved in:
Bibliographic Details
Corporate Author: CAiSE '93, Paris, France
Other Authors: Bodart, F., Rolland, Colette, Cauvet, Corine
Format: Conference Proceeding Book
Language:English
Published: Berlin ; New York : Springer-Verlag, c1993.
Series:Lecture notes in computer science ; 685.
Subjects:
LEADER 01380nam a2200325 a 4500
001 c000162271
003 CARM
005 19980209000000.0
008 930811s1993 ge a 101 0 eng
010 |a 93186590 //r982 
019 1 |a 22630723  |z 10269337  |5 LACONCORD2021 
020 |a 0387567771  |b (New York : acid-free paper) 
020 |a 3540567771  |b (Berlin : acid-free paper) 
035 |a (OCoLC)28963467  |5 LACONCORD2021 
040 |a LC  |b eng  |c LC 
050 0 0 |a QA76.758  |b .A365 1993 
082 0 0 |a 005.1  |2 20 
111 2 |a CAiSE '93,  |d (1993 :  |c Paris, France) 
245 1 0 |a Advanced information systems engineering :  |b 5th international conference, CAiSE '93, Paris, France, June 8-11, 1993 : proceedings /  |c Colette Rolland, François Bodart, Corine Cauvet, eds. 
260 |a Berlin ;  |a New York :  |b Springer-Verlag,  |c c1993. 
300 |a xi, 650 p. :  |b ill. ;  |c 24 cm. 
440 0 |a Lecture notes in computer science ;  |v 685. 
504 |a Includes bibliographical references and index. 
650 0 |a Computer-aided software engineering  |x Congresses. 
700 1 |a Bodart, F. 
700 1 |a Rolland, Colette. 
700 1 |a Cauvet, Corine. 
852 8 |b CARM  |h A2:AM07E0  |i C05497  |p 0214169  |f BK 
999 f f |i c3471aac-aed3-5a4e-bf89-07d1375d1bfb  |s 0693d87b-1967-5dc7-9d0b-a96e1782a2ae 
952 f f |p Can circulate  |a CAVAL  |b CAVAL  |c CAVAL  |d CARM 1 Store  |e C05497  |f A2:AM07E0  |h Other scheme  |i book  |m 0214169